| 000 | 01351cam a2200361 a 4500 | ||
|---|---|---|---|
| 001 | 109454 | ||
| 005 | 20230410130523.0 | ||
| 008 | 990326s1999 nbua b s000 0 eng | ||
| 035 | _a3103458 | ||
| 925 | 0 |
_aacquire _b2 shelf copies _xpolicy default |
|
| 942 |
_2lcc _cbk |
||
| 035 | _9(DLC) 99027307 | ||
| 010 | _a 99027307 | ||
| 020 | _a0803244398 (cl. : alk. paper) | ||
| 020 | _a0803294409 (pa. : alk. paper) | ||
| 040 |
_aDLC _cDLC _dDLC |
||
| 041 | 1 |
_aeng _hzun |
|
| 043 | _an-us-nm | ||
| 050 | 1 | 4 |
_aPM 2711 _bT256f 1999 |
| 082 | 0 | 0 | _a897/.4 |
| 100 | 1 |
_aTedlock, Dennis, _d1939- |
|
| 245 | 1 | 0 |
_aFinding the center : _bthe art of the Zuni storyteller / _ctranslated by Dennis Tedlock from live performances in Zuni by Andrew Peynetsa & Walter Sanchez. |
| 250 | _a2nd ed. | ||
| 260 |
_aLincoln : _bUniversity of Nebraska Press, _cc1999. |
||
| 300 |
_axlvi, 337 p. : _bill. ; _c24 cm. |
||
| 504 | _aIncludes bibliographical references (p. 329-337). | ||
| 650 | 0 |
_aZuni poetry _xTranslations into English. |
|
| 650 | 0 |
_aZuni Indians _xFolklore. |
|
| 650 | 0 |
_aFolklore _xPerformance. |
|
| 650 | 0 |
_aTales _zNew Mexico. |
|
| 856 | 4 | 2 |
_3Contributor biographical information _uhttp://www.loc.gov/catdir/enhancements/fy0728/99027307-b.html |
| 856 | 4 | 2 |
_3Publisher description _uhttp://www.loc.gov/catdir/enhancements/fy0728/99027307-d.html |
| 999 |
_c75492 _d75492 |
||